Регионална библиотека "Любен Каравелов" - Русе

За кого звъни телефонът (Запис номер 322743)

MARC детайли
000 -Лидер
Контролно поле с фиксирана дължина 01026aam a2200337 a 4500
003 - Код на организацията, давaща контролен номер
Контролно поле BLK
005 - Дата и час на последна редакция
Контролно поле 20250407121726.0
008 - Елементи от данни с фиксирана дължина
fixed length control field 181012b bu ||||| |||| 00| 0 bu d
020 ## - Международен стандартен номер на книга ISBN
Международен стандартен номер на книга ISBN 9789547339507
040 ## - Източник на каталожния запис
Идентификатор на билиотеката - собственик на записа BLK
041 ## - Код за език
Код за езика на текст/звукозапис или на отделно заглавие Български
Код за езика КДБФ Български
080 ## - УДК
Текстов определител УДК Българска литература
УДК код - определител по УДК 821.163.2
УДК определител -94
УДК - код + определител 821.163.2-94
100 ## - Редна дума - Автор
Автор Береану, Владимир Бернард
R(LIN) 389990
Дати, свързани с автора 1954-
139 ## - Редно поле
Редна дума Береану, Владимир
Авторски знак Бер - Б 38
245 ## - Сведения за заглавието
Заглавие За кого звъни телефонът
Редно поле (дума) Владимир Береану
260 ## - Област на издателските данни
Име на издателя, разпространителя и проч. Прозорец
Година на издаване 2018
Печатница Инвестпрес
Дата на отпечатване 2018
300 ## - Физическа характеристика
Страници 352 с.
Размери/Мащаб 20 см
380 ## - Жанр
Жанр Худож. лит.
650 #7 - Допълнително описание по предмет – тема
9 (RLIN) 161862
Основно описание – тема или топоним Мемоари
650 #0 - Допълнително описание по предмет – тема
9 (RLIN) 270886
Основно описание – тема или топоним Спомени
653 #7 - Ключова дума – ненормативна
9 (RLIN) 185310
Ключова дума дневници
852 ## - Местоположение
Форматна сигнатура Цб 291997
942 ## - АРТИКУЛИ
Вид на библиотечния материал Книги
Източник на класификационната схема Universal Decimal Classification
Скрит в OPAC Не
Koha issues (borrowed), all copies 39
999 ## - СИСТЕМНИ КОНТРОЛНИ НОМЕРА
Koha biblionumber 322743
Koha biblioitemnumber 322743
999 ## - СИСТЕМНИ КОНТРОЛНИ НОМЕРА
Koha biblioitemnumber 322743
999 ## - СИСТЕМНИ КОНТРОЛНИ НОМЕРА
Koha biblioitemnumber 322743
999 ## - СИСТЕМНИ КОНТРОЛНИ НОМЕРА
Koha biblioitemnumber 322743
999 ## - СИСТЕМНИ КОНТРОЛНИ НОМЕРА
Koha biblioitemnumber 322743
999 ## - СИСТЕМНИ КОНТРОЛНИ НОМЕРА
Koha biblioitemnumber 322743
999 ## - СИСТЕМНИ КОНТРОЛНИ НОМЕРА
Koha biblioitemnumber 322743
944 ## - СЪЗДАВАНЕ И РЕДАКЦИЯ на ЗАПИСА
Служител, извършил регистрацията/редакцията 30576
Статус, дата на статуса Цветомила Тодорова
Наличности
Код за отписване Код за изгубен артикул Източник на класификационната схема Код за повреда Коз за рестрикции Код за отдаване Артикулен № Име на библиотеката - собственик Име на библиотеката, в която се намира в момента Статус (Текущо местоположение) Дата на вписване в системата Местоположение - отдел Цена в лева Инвентарен номер Систематично азбучна сигнатура Баркод Цена в евро Служебен тип на артикула
  Не е изгубен Universal Decimal Classification Не е повреден без рестрикции заемане за дома 677044 Регионална библиотека "Любен Каравелов" Русе Регионална библиотека "Любен Каравелов" Русе Заемна - подръчен фонд 2018-06-01 Заемна - подръчен фонд 12.75 120000820793 П 886.7-9/Б 38 120000820793 6.52 Книги
  Не е изгубен Universal Decimal Classification Не е повреден без рестрикции ползва се в читалня 684373 Регионална библиотека "Любен Каравелов" Русе Регионална библиотека "Любен Каравелов" Русе Хранилище 2018-12-05 Хранилище 17.00   Цб 291997 120000826074 8.69 Книги
Vip Innovations Ltd, Rousse, Bulgaria 2025